Guess the movie - Statistics

General Stats
  • This quiz has been taken 461 times
  • The average score is 11 of 15
Answer Stats
Hint Answer % Correct
He's turns green when he get's mad incredible hulk
89%
gets bit by a radioactive spider while spraypainting woth his uncle spiderman: into the spider-verse
89%
A family of superheroes with and I on their suit incredibles
85%
He's from Krypton and know he's a superhero man of steel
84%
he sacrifices his life to save the world avengers endgame
83%
A group of superheroes team up to stop an asgardian avengers
81%
kids get sucked into a game and the only way out is to put a jewel in the jaguar's head and say(the name) jumaji: welcome to the jungle
81%
a rich billionaire who creates a suit to help people iron man
79%
a doctor until he got into a car accident and became a sorcerer doctor strange
77%
He gets banished to earth by his father thor
73%
they're talking dolls owned by a little kid toy story
57%
Also known as the star spangled man capatain america the first avenger
51%
don't go to sleep or he will appear in your dreams a nightmare on elm street
46%
dont say his name 5 times in the mirror or he will appear behind you candyman
43%
he only kills one night a year halloween
43%
No matching quizzes found
Score Distribution
Percent of People with Each Score
Percentile by Number Answered
Your Score History
You have not taken this quiz